Statistics for East-West Streets in Center City, Philadelphia

Click here to take the quiz!

General Stats

  • This quiz has been taken 15 times
  • The average score is 8 of 10

Answer Stats

Block NumberStreet Name% Correct
0Market Street
100%
100 SChestnut Street
91%
200 SWalnut Street
91%
200 NRace Street
82%
100 NArch Street
73%
400 SPine Street
73%
300 SSpruce Street
73%
300 NVine Street
73%
600 SSouth Street
55%
500 SLombard Street
45%

Score Distribution

Percentile by Number Answered

Percent of People with Each Score

Your Score History

You have not taken this quiz